| 000 -LEADER |
| fixed length control field |
00670nam a22002057a 4500 |
| 008 - FIXED-LENGTH DATA ELEMENTS--GENERAL INFORMATION |
| fixed length control field |
140116b xxu||||| |||| 00| 0 alb d |
| 020 ## - INTERNATIONAL STANDARD BOOK NUMBER |
| International Standard Book Number |
9789995626280 |
| 080 ## - UNIVERSAL DECIMAL CLASSIFICATION NUMBER |
| Universal Decimal Classification number |
811.18'27 |
| -- |
811.18'282'373 |
| -- |
811.18:39 |
| 100 1# - Rafti |
| Rafti |
Shkurtaj, Gjovalin |
| 245 10 - TITLE STATEMENT |
| Title |
Sociolinguistikë e shqipes : |
| Statement of responsibility, etc |
Gjovalin Shkurtaj. |
| 250 ## - |
| -- |
Botimi i 2 |
| 260 ## - |
| -- |
Tiranë : |
| -- |
Morava ; |
| -- |
2009. |
| 300 ## - |
| -- |
425 f. ; |
| -- |
23 cm |
| 650 ## - |
| -- |
Gjuha shqipe |
| -- |
Aspekte sociale |
| 650 ## - |
| -- |
Gjuha shqipe |
| -- |
Leksikologjia |
| 650 ## - |
| -- |
Gjuha shqipe |
| -- |
Dialektet |
| 650 ## - |
| -- |
Gjuha shqipe |
| -- |
Gjuha letrare |
| 650 ## - |
| -- |
Etnolinguistika |
| 942 ## - ADDED ENTRY ELEMENTS (KOHA) |
| Source of classification or shelving scheme |
|
| Item type |
Books |